000
00288nam a2200121Ia 4500
005
20251222143142.0
008
251222s9999||||xx |||||||||||||| ||spa||
082
_a
410/R78
100
_a
Rojas, Óbico
245
0
_a
Estudios de Lingüística general
264
_b
San Marcos
942
_c
LIB
999
_c
12349
_d
12349